Normal view
MARC view
Entry Topical Term
001 - CONTROL NUMBER
- control field: 31988
003 - CONTROL NUMBER IDENTIFIER
- control field: ARRUPE
005 - DATE AND TIME OF LATEST TRANSACTION
- control field: 20170602090048.0
008 - FIXED-LENGTH DATA ELEMENTS
- fixed length control field: 170602|| aca||aabn | a|a d
040 ## - CATALOGING SOURCE
- Original cataloging agency: ARRUPE
- Transcribing agency: ARRUPE
150 ## - HEADING--TOPICAL TERM
- Topical term or geographic name as entry element: Physics
- General subdivision: Great Britain
- General subdivision: Biography
670 ## - SOURCE DATA FOUND
- Source citation: Work cat.: (ARRUPE)18492: Boslough, John 31985, Stephen Hawking's Universe, 1995